Camac, camay y camasca : (Record no. 520)

000 -CABECERA
fixed length control field 01003nam a22002297a 4500
003 - IDENTIFICADOR DEL NÚMERO DE CONTROL
control field AR-CdUCM
008 - DATOS DE LONGITUD FIJA--INFORMACIÓN GENERAL
fixed length control field 190223b ||||| |||| 00| 0 spa d
020 ## - NÚMERO INTERNACIONAL ESTÁNDAR DEL LIBRO
ISBN 9972691357
040 ## - FUENTE DE LA CATALOGACIÓN
Agencia/entidad que catalogó originalmente la obra MUNICIPALIDAD PROVINCIAL DEL CUSCO
Entidad que transcribió la catalogación BIBLIOTECA MUNICIPAL DEL CUSCO
082 ## - NÚMERO DE LA CLASIFICACIÓN DECIMAL DEWEY
No. de Clasificación 985.28 /
Notacion interna T27
100 ## - ENTRADA PRINCIPAL--NOMBRE DE PERSONA
Nombre Personal Taylor, Gerald
245 ## - MENCIÓN DE TÍTULO
Título Camac, camay y camasca :
Resto del título y otros ensayos sobre Huarochirí y Yauyos /
Mención de responsabilidad Taylor, Gerald
260 ## - PUBLICACIÓN, DISTRIBUCIÓN, ETC.
Lugar de publicación, distribución, etc. Cusco :
Nombre de la editorial, distribuidor, etc. CBC,
Fecha de publicación, distribución, etc. 2000.
300 ## - DESCRIPCIÓN FÍSICA
Nº de Páginas Extensión 187 páginas ;
Dimensiones 23 cm.
440 ## - MENCIÓN DE SERIE/PUNTO DE ACCESO ADICIONAL--TÍTULO
Título Serie archivo de Historia Andina del CBC - Centro de Estudios Regionales Andinos "Bartolomé de las Casas".
Número de la parte/sección de una obra Tomo 35
9 (RLIN) 2029
505 ## - NOTA DE CONTENIDO CON FORMATO
Nota de contenido formateada Lengua general y lenguas particulares en la antigua provincia de Yauyos -- cultos y fiestas -- los dialectos quechuas de Yauyos -- textos quechuas de Laraos -- la laguna de Yanascocha ...
650 ## - PUNTO DE ACCESO ADICIONAL DE MATERIA--TÉRMINO DE MATERIA
Descriptor Etnohistoria .
9 (RLIN) 2030
650 ## - PUNTO DE ACCESO ADICIONAL DE MATERIA--TÉRMINO DE MATERIA
Descriptor Tradición oral.
9 (RLIN) 2031
650 ## - PUNTO DE ACCESO ADICIONAL DE MATERIA--TÉRMINO DE MATERIA
Descriptor Lenguas amerindias.
9 (RLIN) 2032
942 ## - ELEMENTOS DE PUNTO DE ACCESO ADICIONAL (KOHA)
Fuente de clasificación
Tipo de item Libros-BMC
945 ## - PROCESAMIENTO DE INFORMACIÓN LOCAL (OCLC)
Catalogador achl
AAAA-MM-DD - Fecha de ingreso o modificacion 2019-02-23
Holdings
Estado de retiro (separado) Fuente de clasificación o esquema de estanterías Estado dañado Ubicación Sala donde se ubica Nombre de la colección Fecha de adquisición o compra Costo, precio normal en soles Signatura topográfica Código de Barras Última vez visto (Koha) Tipo de ítem (Koha)
No     Sala Humanidades Sala Humanidades Book Cart 2019-02-23 10.00 985.28 / T27 SH0000000449 2019-02-23 Libros-BMC

Powered by Koha